| 000 | 01021nam a2200229 a 4500 | ||
|---|---|---|---|
| 001 | BS0001858 | ||
| 003 | BR-BrBNA | ||
| 005 | 20230728121214.0 | ||
| 008 | 230308b |||||||| |||| 00| 0 por d | ||
| 040 |
_aBR-BrBNA _bpor _cBiblioteca Nacional de Agricultura |
||
| 041 | _apor | ||
| 072 | _aB55 | ||
| 090 | _aB55 BS0001858 | ||
| 100 | 1 | _aBerger, P.L. | |
| 245 | 1 | _aPerspectivas sociológicas: uma visão humanística / | |
| 250 | 1 | _a21. ed. | |
| 260 | 3 |
_aPetrópolis, RJ: _bVozes, _c2000. |
|
| 300 | _a202 p. | ||
| 520 | 3 | _aO sociólogo é uma pessoa, um profissional que se ocupa de compreender a sociedade de uma maneira disciplinada. Isto significa que aquilo que o sociólogo descobre e afirma a respeito dos fenômenos sociais que estuda ocorre dentro de um certo quadro de referência de limites rigorosos Como cientista, o sociólogo tenta ser objetivo, controlar suas preferências e preconceitos pessoais, perceber claramente ao invés de julgar normativamente. | |
| 650 | _aSOCIOLOGIA | ||
| 942 |
_cBK _2AGRIS |
||
| 999 |
_c6918 _d6918 |
||